000 03788nab a2200301 i 4500
003 BR-BrBNA
005 20241210152804.0
008 241210b2024 bl.ar|pooa||| 00| 0 eng |
040 _aBR-BrBNA
_beng
072 _aF01
_b1690
100 _aMendes, Franciele Quintino
100 _aPurquerio, Luis Felipe Villani
100 _aCarvalho, Rogério Falleiros
100 _aCecílio Filho, Arthur Bernardes
245 _aWhite light intensities for maximum yield and quality of arugula microgreens
500 _aPublicação online; 38 ref.; 5 illus.; Summaries (En, Pt)
520 _a ABSTRACT - The production of microgreens in plant factories is a great option for urban agriculture, and artificial light is one of the main factors for the success of this cultivation system. This study aimed to evaluate the effect of photosynthetic photon flux density (PPFD) (100, 200, 300, 400, 500 and 600 μmol m-2 s-1) of white LED on yield and quality of arugula microgreens. The experiment was conducted in an indoor environment, in a completely randomized experimental design, with six replicates. The highest yield was obtained with 358 μmol m-2 s-1, while 90 % of the maximum yield required 234 μmol m-2 s-1. The maximum shoot dry mass and cotyledon area were obtained with 439 and 312 μmol m-2 s-1, respectively, while the hypocotyl length decreased linearly with increasing PPFD. The highest nitrogen, phosphorus, calcium, sulfur and zinc contents were obtained with 380, 285, 326, 294 and 317 μmol m-2 s-1, respectively, while the maximum Fe content was obtained at the lowest light intensity. The contents of chlorophylls, carotenoids, phenolic compounds and antioxidant protection had maximum values with 600 μmol m-2 s-1, and the vitamin C with 458 μmol m-2 s-1. KEYWORDS: Eruca sativa, urban farm, photosynthetic photon flux density
520 _a RESUMO - Intensidades de luz branca para máxima produtividade e qualidade de rúcula microvegetal A produção de microvegetais em fábricas de plantas é uma grande opção para a agricultura urbana, e a luz artificial é um dos principais fatores para o sucesso desse sistema de cultivo. Objetivouse avaliar o efeito da densidade de fluxo de fótons fotossintéticos (DFFF) (100, 200, 300, 400, 500 e 600 μmol m-2 s-1) de LED branca na produtividade e qualidade de rúcula microvegetal. O experimento foi conduzido em ambiente interno, em delineamento experimental inteiramente casualizado, com seis repetições. A maior produtividade foi obtida com 358 μmol m-2 s-1, enquanto 90 % da máxima produtividade demandou 234 μmol m-2 s-1. Massa seca da parte aérea e área cotiledonar máximas foram obtidas com 439 e 312 μmol m-2 s-1, respectivamente, enquanto o comprimento do hipocótilo diminuiu linearmente com o aumento da DFFF. Maiores teores de nitrogênio, fósforo, cálcio, enxofre e zinco foram obtidos com 380, 285, 326, 294 e 317 μmol m-2 s-1, respectivamente, enquanto o teor máximo de Fe foi obtido com a irradiância mais baixa. Teores de clorofilas, carotenoides, compostos fenólicos e proteção antioxidante tiveram valores máximos com 600 μmol m-2 s-1, e a vitamina C com 458 μmol m-2 s-1. PALAVRAS-CHAVE: Eruca sativa, agricultura urbana, densidade de fluxo de fótons fotossintéticos.
650 _aRÚCULA
650 _aHORTALIÇA FOLHOSA
650 _aILUMINAÇÃO ARTIFICIAL
650 _aPRODUÇÃO VEGETAL
650 _aAGRICULTURA URBANA
773 0 _03248
_9317349
_dGoiânia-GO UFG. Escola de Agronomia 1999
_o2024-4001
_tPesquisa Agropecuária Tropical (Brazil)
_x1517-6398
_gv. 54 p. 1-8; (2024)
_wBR2024003968
856 _uhttps://www.scielo.br/j/pat/a/TrJjMyTMwMSzzZVVgsKyvGn/?format=pdf&lang=en
942 _cANA
999 _c329150
_d329150